000 00373nam a2200121 4500
999 _c13707
_d13707
008 190402b ||||| |||| 00| 0 eng d
100 _938110
_aMateo, Janvic
245 _aDepEd: schools teaching critical assessment of martial law/
_cJanvic Mateo
260 _aPhilippines:
_bThe Philippines;
_cc2018.
300 _apage 14.
650 0 _938111
_aTeaching.
942 _2ddc
_cPER